| 000 | 01170nam0a2200325 i 4500 | ||
|---|---|---|---|
| 001 | RU\NLR\BIBL_A\010449329 | ||
| 005 | 20260406024939.0 | ||
| 010 | _a9785900889580 | ||
| 021 |
_aRU _b2014-42274 _92574 |
||
| 035 | _a(NILC)RuMoRGB-007504404 | ||
| 035 | _a(NLR Aleph) 010449329 | ||
| 090 |
_a9920790 _c9920790 |
||
| 100 | _a20140807d2014 u y0rusy50 ca | ||
| 101 | 0 | _arus | |
| 102 | _aRU | ||
| 105 | _aac||z|||000ay | ||
| 200 | 1 |
_aЭтажи МГУ _eстуденческая повесть _fВладимир Попов-Равич |
|
| 205 | _a[3-е изд.] | ||
| 210 |
_aМосква _cЛинор _d2014 |
||
| 215 |
_a114, [1] с., [8] л. ил., портр. _cил. _d20 |
||
| 320 | _aДр. произведения авт. на 4-й с. обл. | ||
| 686 | 2 | _aШ6(2=Р)8-440.4 | |
| 700 | 1 |
_7ca _8rus _aПопов _bВ. С. _cдраматург, прозаик _f1946- _gВладимир Сергеевич _9109474 _3RU\NLR\AUTH\77126550 |
|
| 801 | 0 |
_aRU _bРГБ _c20140609 _gRCR |
|
| 801 | 1 |
_aRU _bРГБ _c20140609 _2rusmarc |
|
| 942 | _cBOOK | ||
| 980 | _aNBR | ||